| 000 | 01262nam a2200325 c 4500 | ||
|---|---|---|---|
| 003 | BLK | ||
| 005 | 20180420220250.0 | ||
| 008 | 180407b bul|||||r ||||||| ||bul|| | ||
| 010 | _aKNG00031579000 | ||
| 020 |
_a954-8150-34-4 _bиздат.: Сиби |
||
| 040 | _aBLK | ||
| 041 |
_aBUL _cBUL |
||
| 080 |
_aОсновни задачи на общественото управление _b351 _x:347.65(497.2)(094.5)(091) _z351:347.65(497.2)(094.5)(091) |
||
| 700 | 1 |
_aТашева, Светлана _eсъстав. _9270038 |
|
| 710 | 1 |
_aБългария. Закони и др. п. _9243213 |
|
| 139 |
_aБългария. Закони и др. п. _bБ 92 |
||
| 245 | 1 | 0 |
_aБългарски закони за наследството 1890 - 1995 _cсъстав. Светлана Ташева. |
| 257 | _aBGR | ||
| 260 |
_аСофия _bСиби _c1995 |
||
| 300 |
_a96 с. _c21 см |
||
| 380 | _a3 | ||
| 650 | 4 |
_aНаследствено право - България - законодателни и директивни материали _9254028 |
|
| 653 | _aзакони | ||
| 653 | _aнаследствено право | ||
| 852 | _aЦб 189137 | ||
| 856 | 4 |
_qpdf _u |
|
| 856 | 4 |
_qpdf _u |
|
| 942 |
_cKNG _n0 |
||
| 944 |
_aCR _c18.03.2003 _kКети_Илиева |
||
| 944 |
_aED _c05.07.2006 _k |
||
| 999 |
_c28972 _d28972 |
||